[Event "DVM U10 2016"]
[Site "Magdeburg GER"]
[Date "2016.12.27"]
[Round "2"]
[White "Klühs, Gustaf"]
[Black "Langer, Paul Georg"]
[Result "1/2-1/2"]
[Termination "normal"]
[Board "4.1"]
[WhiteElo "1620"]
[BlackElo "1246"]
[WhiteClock "00:38:01"]
[BlackClock "00:20:00"]
[WhiteTeam "SC Borussia 1920 Friedrichsfelde"]
[BlackTeam "SG Blau-Weiß Stadtilm"]
[PlyCount "55"]
[WhiteFideId "16228936"]
[BlackFideId "16230051"]
[EventCountry "GER"]
[EventRounds "7"]
[EventType "team-swiss"]
[EventDate "2016.12.27"]

1. e4 {[%clk 0:59:57]} e5 {[%clk 0:59:51]} 2. Nf3 {[%clk 0:59:53]} Nc6 {[%clk
0:59:42]} 3. Bc4 {[%clk 0:59:44]} Bc5 {[%clk 0:59:31]} 4. c3 {[%clk 0:59:37]}
Nf6 {[%clk 0:59:20]} 5. d3 {[%clk 0:59:32]} O-O {[%clk 0:58:54]} 6. b4 {[%clk
0:59:22]} Bb6 {[%clk 0:58:41]} 7. a4 {[%clk 0:59:18]} a5 {[%clk 0:58:04]} 8. b5
{[%clk 0:59:13]} Ne7 {[%clk 0:57:39]} 9. Nxe5 {[%clk 0:59:04]} d6 {[%clk
0:57:02]} 10. Nf3 {[%clk 0:58:53]} Bg4 {[%clk 0:56:40]} 11. O-O {[%clk
0:58:43]} Ng6 {[%clk 0:56:12]} 12. h3 {[%clk 0:58:11]} Bd7 {[%clk 0:55:16]} 13.
Ba3 {[%clk 0:57:32]} Qc8 {[%clk 0:54:12]} 14. e5 {[%clk 0:55:33]} Ne8 {[%clk
0:51:55]} 15. exd6 {[%clk 0:55:17]} Nxd6 {[%clk 0:51:29]} 16. Bxd6 {[%clk
0:55:06]} cxd6 {[%clk 0:51:00]} 17. Qb3 {[%clk 0:54:09]} Ne5 {[%clk 0:41:34]}
18. Nxe5 {[%clk 0:53:44]} dxe5 {[%clk 0:41:20]} 19. Nd2 {[%clk 0:53:08]} Qd8
{[%clk 0:37:08]} 20. Ne4 {[%clk 0:52:47]} Bf5 {[%clk 0:35:47]} 21. Ng3 {[%clk
0:49:48]} Bg6 {[%clk 0:31:02]} 22. Rad1 {[%clk 0:48:29]} Qc7 {[%clk 0:28:54]}
23. Ne4 {[%clk 0:47:45]} h6 {[%clk 0:27:06]} 24. Rd2 {[%clk 0:44:34]} Rad8
{[%clk 0:26:20]} 25. Bd5 {[%clk 0:44:14]} Rd7 {[%clk 0:24:24]} 26. c4 {[%clk
0:43:18]} Rfd8 {[%clk 0:21:56]} 27. Nc3 {[%clk 0:42:47]} Kh8 {[%clk 0:20:00]}
28. Kh1 {[%clk 0:38:01]} 1/2-1/2

[Event "DVM U10 2016"]
[Site "Magdeburg GER"]
[Date "2016.12.27"]
[Round "2"]
[White "Rapp, Leonard"]
[Black "Zielke, Ansgar"]
[Result "0-1"]
[Termination "normal"]
[Board "4.2"]
[WhiteElo "1479"]
[BlackElo "1356"]
[WhiteClock "00:32:34"]
[BlackClock "00:42:54"]
[WhiteTeam "SG Blau-Weiß Stadtilm"]
[BlackTeam "SC Borussia 1920 Friedrichsfelde"]
[PlyCount "102"]
[WhiteFideId "16212428"]
[BlackFideId "16244800"]
[EventCountry "GER"]
[EventRounds "7"]
[EventType "team-swiss"]
[EventDate "2016.12.27"]

1. e4 {[%clk 1:00:00]} c5 {[%clk 0:59:53]} 2. Bc4 {[%clk 0:59:41]} Nc6 {[%clk
0:59:44]} 3. Nc3 {[%clk 0:59:29]} e6 {[%clk 0:59:37]} 4. d3 {[%clk 0:59:04]}
Nf6 {[%clk 0:59:30]} 5. Nf3 {[%clk 0:57:41]} d5 {[%clk 0:55:49]} 6. Bb3 {[%clk
0:57:11]} dxe4 {[%clk 0:55:28]} 7. dxe4 {[%clk 0:56:48]} Qxd1+ {[%clk 0:55:15]}
8. Kxd1 {[%clk 0:56:37]} Bd7 {[%clk 0:52:50]} 9. Ke2 {[%clk 0:56:22]} Nd4+
{[%clk 0:52:26]} 10. Kd1 {[%clk 0:55:11]} O-O-O {[%clk 0:52:12]} 11. Re1 {[%clk
0:54:55]} Nxb3 {[%clk 0:51:10]} 12. cxb3 {[%clk 0:49:35]} Bc6+ {[%clk 0:50:49]}
13. Bd2 {[%clk 0:49:18]} Be7 {[%clk 0:50:34]} 14. Kc2 {[%clk 0:48:40]} Nd7
{[%clk 0:49:43]} 15. Rad1 {[%clk 0:47:20]} Nb6 {[%clk 0:48:59]} 16. Ne5 {[%clk
0:46:32]} Rhf8 {[%clk 0:48:33]} 17. Nxc6 {[%clk 0:46:12]} bxc6 {[%clk 0:48:24]}
18. Be3 {[%clk 0:45:02]} Kb7 {[%clk 0:47:52]} 19. Rxd8 {[%clk 0:44:29]} Rxd8
{[%clk 0:47:44]} 20. Rd1 {[%clk 0:44:18]} Rxd1 {[%clk 0:47:38]} 21. Kxd1 {[%clk
0:43:14]} c4 {[%clk 0:47:23]} 22. bxc4 {[%clk 0:42:52]} Nxc4 {[%clk 0:47:16]}
23. Ke2 {[%clk 0:42:42]} Nxb2 {[%clk 0:46:46]} 24. Kd2 {[%clk 0:42:05]} Nc4+
{[%clk 0:46:43]} 25. Kd3 {[%clk 0:40:55]} Nxe3 {[%clk 0:46:30]} 26. Kxe3 {[%clk
0:40:46]} Bc5+ {[%clk 0:46:20]} 27. Ke2 {[%clk 0:40:23]} Kb6 {[%clk 0:46:03]}
28. Na4+ {[%clk 0:40:10]} Kb5 {[%clk 0:45:55]} 29. Nxc5 {[%clk 0:39:34]} Kxc5
{[%clk 0:45:49]} 30. Kd2 {[%clk 0:39:30]} Kd4 {[%clk 0:45:43]} 31. f3 {[%clk
0:39:22]} f5 {[%clk 0:45:24]} 32. exf5 {[%clk 0:39:13]} exf5 {[%clk 0:45:14]}
33. a3 {[%clk 0:39:03]} g5 {[%clk 0:45:05]} 34. g4 {[%clk 0:38:39]} f4 {[%clk
0:44:58]} 35. h3 {[%clk 0:37:07]} h6 {[%clk 0:44:52]} 36. Ke2 {[%clk 0:35:37]}
Kc3 {[%clk 0:44:44]} 37. Ke1 {[%clk 0:35:21]} Kd3 {[%clk 0:44:37]} 38. Kf2
{[%clk 0:35:09]} Kd2 {[%clk 0:44:30]} 39. a4 {[%clk 0:34:50]} a5 {[%clk
0:44:24]} 40. Kf1 {[%clk 0:34:13]} c5 {[%clk 0:44:17]} 41. Kf2 {[%clk 0:34:06]}
c4 {[%clk 0:44:13]} 42. Kf1 {[%clk 0:34:01]} c3 {[%clk 0:44:08]} 43. Kf2 {[%clk
0:33:57]} c2 {[%clk 0:44:04]} 44. Kf1 {[%clk 0:33:51]} c1=Q+ {[%clk 0:43:53]}
45. Kf2 {[%clk 0:33:45]} Qe1+ {[%clk 0:43:45]} 46. Kg2 {[%clk 0:33:38]} Qg3+
{[%clk 0:43:38]} 47. Kh1 {[%clk 0:33:25]} Qxf3+ {[%clk 0:43:23]} 48. Kg1 {[%clk
0:33:18]} Ke2 {[%clk 0:43:14]} 49. h4 {[%clk 0:33:03]} Qg3+ {[%clk 0:43:05]}
50. Kh1 {[%clk 0:32:47]} f3 {[%clk 0:43:01]} 51. h5 {[%clk 0:32:34]} Qg2#
{[%clk 0:42:54]} 0-1

[Event "DVM U10 2016"]
[Site "Magdeburg GER"]
[Date "2016.12.27"]
[Round "2"]
[White "Ermitsch, Magnus"]
[Black "Langer, Eric Jonathan"]
[Result "1-0"]
[Termination "normal"]
[Board "4.3"]
[WhiteElo "1122"]
[BlackElo "795"]
[WhiteTeam "SC Borussia 1920 Friedrichsfelde"]
[BlackTeam "SG Blau-Weiß Stadtilm"]
[PlyCount "37"]
[WhiteFideId "16234464"]
[BlackFideId "34686746"]
[EventCountry "GER"]
[EventRounds "7"]
[EventType "team-swiss"]
[EventDate "2016.12.27"]

1. e4 e5 2. Nf3 Nc6 3. d4 exd4 4. Nxd4 Bc5 5. Be3 Nf6 6. Nxc6 bxc6 7. Bxc5 Nxe4
8. Be3 Nd6 9. Nc3 Qe7 10. Bd3 O-O 11. O-O Nb7 12. Re1 Qd8 13. Qh5 h6 14. Bxh6
gxh6 15. Qxh6 Qh4 16. Qxh4 Kg7 17. Qg5+ Kh8 18. Qh6+ Kg8 19. Qh7# 1-0

[Event "DVM U10 2016"]
[Site "Magdeburg GER"]
[Date "2016.12.27"]
[Round "2"]
[White "Brunner, Alexander"]
[Black "Schulemann, Gero"]
[Result "1-0"]
[Termination "normal"]
[Board "5.1"]
[WhiteElo "1348"]
[BlackElo "1605"]
[WhiteClock "00:33:26"]
[BlackClock "00:36:13"]
[WhiteTeam "Hagener SV 1"]
[BlackTeam "USV Halle"]
[PlyCount "47"]
[WhiteFideId "12965278"]
[BlackFideId "16227646"]
[EventCountry "GER"]
[EventRounds "7"]
[EventType "team-swiss"]
[EventDate "2016.12.27"]

1. e4 {[%clk 0:59:54]} e5 {[%clk 0:59:55]} 2. Nf3 {[%clk 0:59:38]} Nc6 {[%clk
0:59:48]} 3. Bc4 {[%clk 0:59:30]} Bc5 {[%clk 0:59:28]} 4. b4 {[%clk 0:59:10]}
Bxb4 {[%clk 0:58:59]} 5. c3 {[%clk 0:58:59]} Be7 {[%clk 0:57:22]} 6. d4 {[%clk
0:58:18]} exd4 {[%clk 0:55:39]} 7. cxd4 {[%clk 0:57:14]} d6 {[%clk 0:54:15]} 8.
Qb3 {[%clk 0:56:44]} Nf6 {[%clk 0:51:56]} 9. Bxf7+ {[%clk 0:56:31]} Kf8 {[%clk
0:51:52]} 10. Bd2 {[%clk 0:48:31]} Nxe4 {[%clk 0:48:56]} 11. Bh5 {[%clk
0:48:12]} g6 {[%clk 0:46:35]} 12. Bh6+ {[%clk 0:47:44]} Ke8 {[%clk 0:45:28]}
13. Bg7 {[%clk 0:47:08]} Bf6 {[%clk 0:43:55]} 14. Bxh8 {[%clk 0:46:06]} Bxh8
{[%clk 0:43:36]} 15. Qg8+ {[%clk 0:45:54]} Ke7 {[%clk 0:43:15]} 16. Qxh7+
{[%clk 0:45:32]} Ke6 {[%clk 0:42:01]} 17. Qxg6+ {[%clk 0:45:07]} Nf6 {[%clk
0:41:56]} 18. Qf7+ {[%clk 0:43:03]} Kf5 {[%clk 0:41:31]} 19. Nh4+ {[%clk
0:40:43]} Kg5 {[%clk 0:41:08]} 20. Nf3+ {[%clk 0:38:37]} Kf5 {[%clk 0:40:16]}
21. Bg6+ {[%clk 0:36:17]} Kf4 {[%clk 0:39:51]} 22. Qc4 {[%clk 0:34:33]} Ne4
{[%clk 0:36:43]} 23. Qc1+ {[%clk 0:33:33]} Kg4 {[%clk 0:36:13]} 24. h3# {[%clk
0:33:26]} *

[Event "DVM U10 2016"]
[Site "Magdeburg GER"]
[Date "2016.12.27"]
[Round "2"]
[White "Maul, Maik"]
[Black "Sultanaliev, Akbar"]
[Result "1-0"]
[Termination "normal"]
[Board "5.3"]
[WhiteElo "1356"]
[BlackElo "777"]
[WhiteClock "00:49:10"]
[BlackClock "00:49:21"]
[WhiteTeam "Hagener SV 1"]
[BlackTeam "USV Halle"]
[PlyCount "49"]
[WhiteFideId "16204816"]
[EventCountry "GER"]
[EventRounds "7"]
[EventType "team-swiss"]
[EventDate "2016.12.27"]

1. d4 {[%clk 0:59:45]} d5 {[%clk 0:59:37]} 2. Bf4 {[%clk 0:59:32]} Nc6 {[%clk
0:59:10]} 3. Nc3 {[%clk 0:59:20]} Nf6 {[%clk 0:58:36]} 4. Nb5 {[%clk 0:59:06]}
e5 5. dxe5 Nxe5 {[%clk 0:57:51]} 6. Bxe5 {[%clk 0:58:55]} Bd6 {[%clk 0:56:37]}
7. Nxd6+ {[%clk 0:58:38]} cxd6 {[%clk 0:55:57]} 8. Bxf6 {[%clk 0:57:21]} Qxf6
{[%clk 0:55:37]} 9. c3 {[%clk 0:56:39]} O-O {[%clk 0:55:25]} 10. e3 {[%clk
0:56:19]} b6 {[%clk 0:55:02]} 11. Qxd5 {[%clk 0:56:03]} Qe6 {[%clk 0:54:42]}
12. Qxa8 {[%clk 0:55:42]} Qd7 {[%clk 0:53:27]} 13. Qf3 {[%clk 0:55:19]} Bb7
{[%clk 0:53:05]} 14. Qh3 Qxh3 {[%clk 0:52:50]} 15. Nxh3 {[%clk 0:54:40]} h6
{[%clk 0:52:28]} 16. O-O-O {[%clk 0:51:41]} a6 {[%clk 0:52:15]} 17. Rxd6 {[%clk
0:51:11]} b5 {[%clk 0:51:50]} 18. Nf4 {[%clk 0:50:31]} Bc8 {[%clk 0:51:25]} 19.
Be2 {[%clk 0:50:09]} Re8 {[%clk 0:50:53]} 20. Rhd1 {[%clk 0:49:55]} Be6 {[%clk
0:49:55]} 21. Nxe6 {[%clk 0:49:48]} fxe6 {[%clk 0:49:39]} 22. Bh5 {[%clk
0:49:17]} Re7 {[%clk 0:49:21]} 23. Bg6 {[%clk 0:49:10]} a5 24. Rd8+ Re8 25.
Rxe8# 1-0

[Event "DVM U10 2016"]
[Site "Magdeburg GER"]
[Date "2016.12.27"]
[Round "2"]
[White "Korek, Jakob Alexander"]
[Black "Wiedersich, Hendryk"]
[Result "0-1"]
[Termination "normal"]
[Board "6.1"]
[WhiteElo "1193"]
[BlackElo "1374"]
[WhiteTeam "Schachpinguine Berlin"]
[BlackTeam "SV Dresden-Leuben"]
[PlyCount "39"]
[WhiteFideId "16240022"]
[BlackFideId "16255399"]
[EventCountry "GER"]
[EventRounds "7"]
[EventType "team-swiss"]
[EventDate "2016.12.27"]

1. e4 e6 2. d4 d5 3. e5 c5 4. c3 Nc6 5. Be3 Qb6 6. Qd2 cxd4 7. Bxd4 Bc5 8. Nf3
Bxd4 9. cxd4 Bd7 10. Nc3 Rc8 11. Nb5 Nxe5 12. dxe5 Bxb5 13. Bxb5+ Qxb5 14. Rc1
Rc6 15. Nd4 Rxc1+ 16. Qxc1 Qb4+ 17. Qd2 Ne7 18. Nb5 O-O 19. Nd6 Rd8 20. Ke2 {
nicht mehr nachvollziehbar} 0-1

[Event "DVM U10 2016"]
[Site "Magdeburg GER"]
[Date "2016.12.27"]
[Round "2"]
[White "Phan Trong, Dai"]
[Black "Gorodezki, Andrey"]
[Result "1-0"]
[Termination "normal"]
[Board "6.2"]
[WhiteElo "1348"]
[BlackElo "1085"]
[WhiteTeam "SV Dresden-Leuben"]
[BlackTeam "Schachpinguine Berlin"]
[PlyCount "47"]
[WhiteFideId "16236939"]
[EventCountry "GER"]
[EventRounds "7"]
[EventType "team-swiss"]
[EventDate "2016.12.27"]

1. d4 d5 2. c4 Nf6 3. cxd5 Nxd5 4. e4 Nb6 5. Nc3 e6 6. Nf3 c5 7. Be3 N8d7 8.
Bb5 Qc7 9. Bxd7+ Bxd7 10. Ne5 Bc6 11. dxc5 Qxe5 12. cxb6 axb6 13. Bd4 Qf4 14.
Bxb6 Bb4 15. O-O Bd6 16. g3 Qe5 17. Bd4 Qg5 18. Bxg7 Qxg7 19. Qxd6 Rd8 20. Qc7
Qh6 21. Rad1 Rd7 22. Qc8+ Ke7 23. Rxd7+ Bxd7 24. Qxh8 1-0

[Event "DVM U10 2016"]
[Site "Magdeburg GER"]
[Date "2016.12.27"]
[Round "2"]
[White "Nguyen, Duc Minh"]
[Black "Hentschel, Lena"]
[Result "1/2-1/2"]
[Termination "normal"]
[Board "6.3"]
[WhiteElo "851"]
[BlackElo "1027"]
[WhiteTeam "Schachpinguine Berlin"]
[BlackTeam "SV Dresden-Leuben"]
[PlyCount "41"]
[BlackFideId "16240324"]
[EventCountry "GER"]
[EventRounds "7"]
[EventType "team-swiss"]
[EventDate "2016.12.27"]

1. e4 e5 2. Nf3 Nc6 3. Bb5 d6 4. Bxc6+ bxc6 5. Nc3 d5 6. exd5 cxd5 7. Nxe5 Qe7
8. d4 f6 9. Nxd5 Qd6 10. Nc3 fxe5 11. dxe5 Qxe5+ 12. Be3 Nf6 13. O-O Ng4 14. g3
Qh5 15. h4 Ba6 16. Re1 Be7 17. Bg5 O-O 18. Qd5+ Kh8 19. Rxe7 h6 20. Qd4 Rg8 21.
Be3 1/2-1/2

[Event "DVM U10 2016"]
[Site "Magdeburg GER"]
[Date "2016.12.27"]
[Round "2"]
[White "Zöllner, Bente"]
[Black "Korr, Sören"]
[Result "1-0"]
[Termination "normal"]
[Board "7.1"]
[WhiteElo "1402"]
[BlackElo "996"]
[WhiteTeam "Stader SV 1"]
[BlackTeam "DJK Arminia Eilendorf"]
[PlyCount "79"]
[WhiteFideId "16230523"]
[BlackFideId "16275241"]
[EventCountry "GER"]
[EventRounds "7"]
[EventType "team-swiss"]
[EventDate "2016.12.27"]

1. d4 d5 2. Nf3 Nc6 3. Bf4 Bf5 4. e3 a6 5. Bd3 Bg6 6. O-O Nf6 7. c4 e6 8. Qc2
Bd6 9. Bxd6 cxd6 10. Nbd2 dxc4 11. Nxc4 d5 12. Nce5 O-O 13. Nxc6 Bxd3 14. Qxd3
bxc6 15. Ne5 Qd6 16. Rfc1 Rfc8 17. Rc5 Nd7 18. Nxd7 Qxd7 19. Rac1 Rcb8 20. Qa3
Rc8 21. Qa4 Rcb8 22. Qxc6 Qxc6 23. Rxc6 h6 24. b3 Kf8 25. Kf1 Ke8 26. Rc7 Rd8
27. Ke2 Rd7 28. Kd3 Rxc7 29. Rxc7 a5 30. Kc2 Rb8 31. Kb2 g6 32. Ka3 Kf8 33. Ra7
Kg7 34. Rxa5 Rc8 35. Kb2 Kf6 36. b4 h5 37. b5 Rb8 38. a4 h4 39. Ra6 Rh8 40. b6
1-0

[Event "DVM U10 2016"]
[Site "Magdeburg GER"]
[Date "2016.12.27"]
[Round "2"]
[White "Mainka, Ingmar"]
[Black "Fuchs, Thomas"]
[Result "1/2-1/2"]
[Termination "normal"]
[Board "7.2"]
[WhiteElo "1122"]
[BlackElo "1260"]
[WhiteTeam "DJK Arminia Eilendorf"]
[BlackTeam "Stader SV 1"]
[PlyCount "71"]
[WhiteFideId "16254937"]
[BlackFideId "16230574"]
[EventCountry "GER"]
[EventRounds "7"]
[EventType "team-swiss"]
[EventDate "2016.12.27"]

1. e4 c5 2. Bc4 d6 3. Nf3 Nf6 4. Nc3 g6 5. Ng5 e6 6. O-O Bg7 7. d4 cxd4 8. Qxd4
Nc6 9. Qd1 O-O 10. Nf3 Bd7 11. Qxd6 Qb6 12. Bg5 Qxb2 13. Bxf6 Bxf6 14. Qxd7
Qxc3 15. Bb3 Qb4 16. Rab1 Qxe4 17. Rfe1 Rfd8 18. Qxd8+ Rxd8 19. Rxe4 Bc3 20. h3
Bf6 21. Ba4 Na5 22. Rb5 b6 23. Rf4 Be7 24. Ne5 Rd1+ 25. Kh2 Bd6 26. c4 Rd2 27.
g3 Rxa2 28. Bb3 Nxb3 29. Rxb3 Bxe5 30. Rff3 Rc2 31. Rbe3 Bd4 32. Rd3 Bxf2 33.
Rd8+ Kg7 34. Rd7 Bc5+ 35. Kh1 Rc1+ 36. Kh2 1/2-1/2

[Event "DVM U10 2016"]
[Site "Magdeburg GER"]
[Date "2016.12.27"]
[Round "2"]
[White "Hinz, Paolo"]
[Black "Debets, Mario"]
[Result "1-0"]
[Termination "normal"]
[Board "7.3"]
[WhiteElo "1157"]
[BlackElo "1026"]
[WhiteTeam "Stader SV 1"]
[BlackTeam "DJK Arminia Eilendorf"]
[PlyCount "37"]
[WhiteFideId "16230540"]
[BlackFideId "16275250"]
[EventCountry "GER"]
[EventRounds "7"]
[EventType "team-swiss"]
[EventDate "2016.12.27"]

1. d4 d5 2. c4 dxc4 3. e4 Nc6 4. Nf3 Nf6 5. Nc3 Bg4 6. Be3 e5 7. Be2 Bb4 8.
dxe5 Nxe4 9. Qc2 Nxc3 10. bxc3 Ba5 11. Rd1 Qe7 12. Bd4 Bxf3 13. Bxf3 Nxe5 14.
Be2 O-O 15. O-O Bb6 16. Bxb6 axb6 17. Rfe1 Qh4 18. Rd4 c5 19. Rxh4 1-0

[Event "DVM U10 2016"]
[Site "Magdeburg GER"]
[Date "2016.12.27"]
[Round "2"]
[White "Müller, Helene"]
[Black "Costa, Leonardo"]
[Result "0-1"]
[Termination "normal"]
[Board "8.1"]
[WhiteElo "1182"]
[BlackElo "1620"]
[WhiteTeam "TSV Kitzscher"]
[BlackTeam "SK München Südost"]
[PlyCount "58"]
[WhiteFideId "16240456"]
[BlackFideId "16213955"]
[EventCountry "GER"]
[EventRounds "7"]
[EventType "team-swiss"]
[EventDate "2016.12.27"]

1. e4 e5 2. Nf3 Nc6 3. Bc4 Bc5 4. c3 Nf6 5. d4 exd4 6. cxd4 Bb4+ 7. Bd2 Bxd2+
8. Nbxd2 O-O 9. d5 Ne7 10. e5 Nfxd5 11. O-O Nb6 12. Bb3 d6 13. exd6 Qxd6 14.
Re1 Bg4 15. Qe2 Rfe8 16. h3 Bh5 17. Qb5 Bxf3 18. Nxf3 Nc6 19. Qh5 Qg6 20. Qh4
Rxe1+ 21. Rxe1 Rc8 22. Ne5 Nxe5 23. Rxe5 Kh8 24. Bxf7 Qc6 25. Re7 Nd5 26. Bxd5
Qxd5 27. Qg3 Qb5 28. Rxc7 Rxc7 29. Qxc7 Qxb2 {nicht mehr nachvollziehbar} 0-1

[Event "DVM U10 2016"]
[Site "Magdeburg GER"]
[Date "2016.12.27"]
[Round "2"]
[White "Glok, David"]
[Black "Hick, Richard"]
[Result "0-1"]
[Termination "normal"]
[Board "8.2"]
[WhiteElo "1136"]
[BlackElo "1009"]
[WhiteTeam "SK München Südost"]
[BlackTeam "TSV Kitzscher"]
[PlyCount "42"]
[WhiteFideId "16226224"]
[BlackFideId "16269403"]
[EventCountry "GER"]
[EventRounds "7"]
[EventType "team-swiss"]
[EventDate "2016.12.27"]

1. e4 e5 2. Nf3 Nc6 3. Bc4 Bc5 4. c3 Nf6 5. d4 exd4 6. cxd4 Bb4+ 7. Bd2 O-O 8.
Bxb4 Nxb4 9. e5 Ne4 10. Qe2 Ng5 11. a3 Nc6 12. d5 Nxf3+ 13. Qxf3 Nxe5 14. Qc3
Nxc4 15. Qxc4 Re8+ 16. Kf1 d6 17. h3 Bd7 18. Nc3 c6 19. g3 cxd5 20. Qxd5 Bc6
21. Qd3 Bxh1 0-1

[Event "DVM U10 2016"]
[Site "Magdeburg GER"]
[Date "2016.12.27"]
[Round "2"]
[White "Ottlik, Marie"]
[Black "Neidhold, Moritz"]
[Result "0-1"]
[Termination "normal"]
[Board "8.3"]
[WhiteElo "909"]
[BlackElo "1047"]
[WhiteTeam "TSV Kitzscher"]
[BlackTeam "SK München Südost"]
[PlyCount "62"]
[WhiteFideId "16281730"]
[EventCountry "GER"]
[EventRounds "7"]
[EventType "team-swiss"]
[EventDate "2016.12.27"]

1. e4 c5 2. Nc3 g6 3. Bc4 Nc6 4. Nf3 Bg7 5. d3 Nf6 6. Be3 b6 7. O-O O-O 8. Qd2
Bb7 9. Bh6 e6 10. Bxg7 Kxg7 11. e5 Ng4 12. Qf4 f5 13. Ng5 Nd4 14. Bxe6 dxe6 15.
f3 h6 16. Nh3 Nxh2 17. Qxh2 g5 18. f4 g4 19. Ng5 hxg5 20. fxg5 Qxg5 21. Qg3 f4
22. Qf2 f3 23. g3 Ne2+ 24. Nxe2 fxe2 25. Qxe2 Rxf1+ 26. Rxf1 Rh8 27. Rf4 Qh6
28. Rxg4+ Kf7 29. Qf2+ Ke7 30. Rh4 Qc1+ 31. Kh2 Qh1# 0-1

[Event "DVM U10 2016"]
[Site "Magdeburg GER"]
[Date "2016.12.27"]
[Round "2"]
[White "Oehring, Claus-Ferdinand"]
[Black "Müller, Josef"]
[Result "1-0"]
[Termination "normal"]
[Board "8.4"]
[WhiteElo "923"]
[BlackElo "864"]
[WhiteTeam "SK München Südost"]
[BlackTeam "TSV Kitzscher"]
[PlyCount "63"]
[BlackFideId "16246993"]
[EventCountry "GER"]
[EventRounds "7"]
[EventType "team-swiss"]
[EventDate "2016.12.27"]

1. e4 e5 2. Nf3 Nc6 3. Bc4 Bc5 4. Nc3 d6 5. d3 Bg4 6. h3 Bh5 7. Bg5 Qxg5 8.
Nxg5 Bxd1 9. Rxd1 f6 10. Nf7 Nh6 11. Nxh8 O-O-O 12. Nf7 Nxf7 13. Bxf7 Rf8 14.
Be6+ Kb8 15. O-O g6 16. Na4 f5 17. Nxc5 dxc5 18. exf5 gxf5 19. c3 f4 20. d4 e4
21. dxc5 Re8 22. Bf5 e3 23. Rd7 exf2+ 24. Rxf2 Re1+ 25. Rf1 Re8 26. Rfd1 a6 27.
b4 Ne5 28. Rd8+ Rxd8 29. Rxd8+ Ka7 30. Rc8 c6 31. Rc7 Kb8 32. Rxh7 1-0

[Event "DVM U10 2016"]
[Site "Magdeburg GER"]
[Date "2016.12.27"]
[Round "2"]
[White "Niemann, Leon"]
[Black "Atze, Reinhard"]
[Result "1-0"]
[Termination "normal"]
[Board "9.1"]
[WhiteElo "1423"]
[BlackElo "1169"]
[WhiteTeam "Hannover 96"]
[BlackTeam "SK König Plauen"]
[PlyCount "41"]
[WhiteFideId "16218388"]
[BlackFideId "12995665"]
[EventCountry "GER"]
[EventRounds "7"]
[EventType "team-swiss"]
[EventDate "2016.12.27"]

1. c4 e5 2. Nc3 Nf6 3. g3 d5 4. cxd5 Nxd5 5. Bg2 Nf6 6. Nf3 e4 7. Ng5 Bb4 8.
Ngxe4 Nxe4 9. Nxe4 O-O 10. O-O Bf5 11. Nc3 c6 12. a3 Bc5 13. b4 Bb6 14. Bb2 Nd7
15. d4 Nf6 16. e3 Bg4 17. Qc2 Rc8 18. Na4 Nd5 19. Nxb6 Nxb6 20. Qd2 c5 21. bxc5
{nicht mehr nachvollziehbar} 1-0

[Event "DVM U10 2016"]
[Site "Magdeburg GER"]
[Date "2016.12.27"]
[Round "2"]
[White "Elstner, Florian"]
[Black "Janovskij, Konstantin"]
[Result "1-0"]
[Termination "normal"]
[Board "9.2"]
[WhiteElo "1197"]
[BlackElo "1361"]
[WhiteTeam "SK König Plauen"]
[BlackTeam "Hannover 96"]
[PlyCount "49"]
[WhiteFideId "16247264"]
[BlackFideId "16225252"]
[EventCountry "GER"]
[EventRounds "7"]
[EventType "team-swiss"]
[EventDate "2016.12.27"]

1. Nf3 Nf6 2. e3 d5 3. d4 e6 4. c4 Nbd7 5. b3 c5 6. Nc3 Nb6 7. Ba3 Qc7 8. dxc5
Bxc5 9. Bxc5 Qxc5 10. Qd3 O-O 11. Be2 Bd7 12. O-O Rac8 13. Rfc1 dxc4 14. bxc4
Qxc4 15. Qd2 Qc5 16. Qd3 Qe7 17. Nb5 a6 18. Nd6 Bb5 19. Nxb5 axb5 20. Qxb5 Qa3
21. Rxc8 Rxc8 22. Qxb6 Rc1+ 23. Rxc1 Qxc1+ 24. Bf1 h6 25. Qxb7 1-0

[Event "DVM U10 2016"]
[Site "Magdeburg GER"]
[Date "2016.12.27"]
[Round "2"]
[White "Safranski, Gregor"]
[Black "Oehme, Adrian"]
[Result "0-1"]
[Termination "normal"]
[Board "9.3"]
[WhiteElo "600"]
[BlackElo "1200"]
[WhiteTeam "Hannover 96"]
[BlackTeam "SK König Plauen"]
[PlyCount "64"]
[WhiteFideId "34641572"]
[EventCountry "GER"]
[EventRounds "7"]
[EventType "team-swiss"]
[EventDate "2016.12.27"]

1. e4 c5 2. Nf3 Nc6 3. c3 d6 4. Bb5 Nf6 5. O-O Nxe4 6. Re1 Bf5 7. d3 Nf6 8. Bg5
e5 9. c4 Be7 10. Nc3 O-O 11. Ne2 e4 12. dxe4 Nxe4 13. Bxe7 Qxe7 14. Bxc6 bxc6
15. Nd2 Rab8 16. b3 Qg5 17. Nf3 Qg6 18. Nh4 Qg5 19. g3 Bg4 20. Qc2 Rfe8 21. Rf1
Nd2 22. Nf4 Nxf1 23. f3 Ne3 24. fxg4 Nxc2 25. Rc1 Re1+ 26. Kf2 Rxc1 27. Ne2
Qe3+ 28. Kg2 Qxe2+ 29. Kh3 Ne3 30. a4 Qf1+ 31. Ng2 Qxg2+ 32. Kh4 Qxh2+ 0-1

[Event "DVM U10 2016"]
[Site "Magdeburg GER"]
[Date "2016.12.27"]
[Round "2"]
[White "Deiters, Clemenz"]
[Black "Bangiev, Anton"]
[Result "1-0"]
[Termination "normal"]
[Board "9.4"]
[WhiteElo "1091"]
[BlackElo "600"]
[WhiteTeam "SK König Plauen"]
[BlackTeam "Hannover 96"]
[PlyCount "49"]
[WhiteFideId "16240243"]
[BlackFideId "16267222"]
[EventCountry "GER"]
[EventRounds "7"]
[EventType "team-swiss"]
[EventDate "2016.12.27"]

1. e4 c6 2. d4 d5 3. Nc3 Nf6 4. e5 Bf5 5. exf6 gxf6 6. Nf3 Nd7 7. Bf4 Qa5 8.
Be2 O-O-O 9. a3 Rg8 10. O-O e6 11. b4 Qb6 12. Bd3 Re8 13. Bxf5 exf5 14. Qd2 a5
15. Rfb1 axb4 16. axb4 Bxb4 17. Ra4 Qd8 18. Rbxb4 Nb6 19. Rxb6 Qxb6 20. Ra8+
Kd7 21. Rxe8 Rxe8 22. Na4 Qb1+ 23. Qc1 Qxc1+ 24. Bxc1 Re4 25. Nc5+ 1-0

[Event "DVM U10 2016"]
[Site "Magdeburg GER"]
[Date "2016.12.27"]
[Round "2"]
[White "Schuster, Pascal"]
[Black "Hänselmann, Hendrik"]
[Result "0-1"]
[Termination "normal"]
[Board "10.1"]
[WhiteElo "1061"]
[BlackElo "1329"]
[WhiteTeam "SG Königskinder Hohentübingen"]
[BlackTeam "Karlsruher SF"]
[PlyCount "60"]
[BlackFideId "16232755"]
[EventCountry "GER"]
[EventRounds "7"]
[EventType "team-swiss"]
[EventDate "2016.12.27"]

1. e4 c5 2. d4 cxd4 3. c3 dxc3 4. Nxc3 Nc6 5. Bc4 e6 6. Nf3 d6 7. O-O Nf6 8.
Qe2 Be7 9. Rd1 Qb6 10. Be3 Qd8 11. e5 Ng4 12. exd6 Bf6 13. d7+ Bxd7 14. Ne5
Ngxe5 15. Bb5 Qc7 16. Rac1 O-O 17. Ne4 Be7 18. Bf4 a6 19. Ba4 b5 20. Bb3 Rfc8
21. Ng3 f6 22. Nf5 Bf8 23. Nd4 Nxd4 24. Qe3 Qb6 25. Qxd4 Bc5 26. Bxe6+ Bxe6 27.
Qe4 Rd8 28. Rxd8+ Qxd8 29. Rxc5 Qd1+ 30. Qe1 Qxe1# 0-1